[Event "COL pre olympic sf2"]
[Site "Palmira"]
[Date "2019.06.02"]
[Round "9"]
[White "Bonilla, Julio Cesar"]
[Black "Bolanos Calvache, Brigeth Vanessa"]
[Result "0-1"]
[WhiteElo "1272"]
[BlackElo "1805"]
[PlyCount "51"]
[EventDate "2019.05.29"]
[EventType "swiss"]
[EventRounds "10"]
[EventCountry "COL"]
[SourceTitle "CBM 190 Extra"]
[Source "ChessBase"]
[SourceDate "2019.07.15"]
[SourceVersion "1"]
[SourceVersionDate "2019.07.15"]
[SourceQuality "1"]

1. e4 c5 2. Nf3 d6 3. h3 e6 4. d4 cxd4 5. Nxd4 Nf6 6. Nc3 a6 7. Be3 Be7 8. Bc4 b5 9. Bd3 Bb7 10. f3 Qc7 11. Qd2 d5 12. 0-0-0 b4 13. Nce2 dxe4 14. fxe4 Nxe4 15. Qe1 Nd7 16. Nf3 Rc8 17. Kb1 a5 18. Bb5 Bc6 19. Bxc6 Qxc6 20. Ned4 Qb7 21. Rg1 0-0 22. Nd2 Ndf6 23. N2f3 a4 24. g4 Nc3+ 25. Ka1 Nxd1 26. Qxd1 0-1

[Event "COL-ch"]
[Site "Palmira"]
[Date "2017.05.16"]
[Round "3"]
[White "Medina Coneo, Arlintong"]
[Black "Bonilla, Julio Cesar"]
[Result "1-0"]
[WhiteElo "1718"]
[BlackElo "1554"]
[PlyCount "103"]
[EventDate "2017.05.15"]
[EventType "swiss"]
[EventRounds "10"]
[EventCountry "COL"]
[SourceTitle "CBM 178 Extra"]
[Source "ChessBase"]
[SourceDate "2017.06.22"]
[SourceVersion "1"]
[SourceVersionDate "2017.06.22"]
[SourceQuality "1"]

1. c4 c5 2. Nc3 Nc6 3. g3 g6 4. Bg2 Nd4 5. e3 Ne6 6. Nge2 Bg7 7. 0-0 Nf6 8. Qc2 0-0 9. Rb1 a6 10. a3 Rb8 11. b4 b6 12. Bb2 Bb7 13. e4 Qc7 14. Nd5 Qd8 15. d3 d6 16. h3 Ne8 17. Bxg7 N8xg7 18. Kh2 h6 19. f4 f5 20. Qc3 Rf7 21. g4 fxg4 22. hxg4 b5 23. Kg3 Nf8 24. Rh1 e6 25. Ne3 h5 26. Bf3 Qf6 27. Qxf6 Rxf6 28. bxc5 dxc5 29. cxb5 axb5 30. Rxb5 Nd7 31. Rhb1 Ba6 32. Rxb8+ Nxb8 33. Rxb8+ Kh7 34. Nc4 Rf7 35. Rb6 Bxc4 36. dxc4 Ra7 37. Rb3 Ra4 38. gxh5 gxh5 39. Rc3 Kg6 40. Kh4 Kh6 41. Ng3 e5 42. f5 Ne8 43. Bxh5 Nf6 44. Bf7 Kg7 45. Bd5 Kh6 46. Nh1 Nh5 47. Nf2 Nf4 48. Ng4+ Kg7 49. Nxe5 Nxd5 50. exd5 Kf6 51. Nd7+ Kxf5 52. Nxc5 1-0

[Event "Neiva op 15th"]
[Site "Neiva"]
[Date "2014.11.16"]
[Round "4"]
[White "Naranjo Torres, Miguel Andres"]
[Black "Bonilla, Julio Cesar"]
[Result "1-0"]
[WhiteElo "1673"]
[BlackElo "1581"]
[PlyCount "33"]
[EventDate "2014.11.14"]
[EventType "swiss"]
[EventRounds "7"]
[EventCountry "COL"]
[SourceTitle "CBM 163 Extra"]
[Source "ChessBase"]
[SourceDate "2014.12.23"]
[SourceVersion "1"]
[SourceVersionDate "2014.12.23"]
[SourceQuality "1"]

1. d4 d5 2. Nf3 Bg4 3. Ne5 Bh5 4. c4 f6 5. Qa4+ c6 6. Nf3 e6 7. Nc3 Nd7 8. cxd5 Nb6 9. Qb3 exd5 10. Bf4 Bd6 11. Bg3 Ne7 12. e3 0-0 13. Bd3 Bg6 14. Bxg6 hxg6 15. e4 Kh8 16. Nh4 Qe8 17. Bxd6 1-0